|
|
|
|
| LEADER |
00000nam a2200000 a 4500 |
| 001 |
vtls008357547 |
| 003 |
SK-MaSNL |
| 005 |
20260302084818.0 |
| 008 |
180814s1969 xo 000 0 slo |
| 015 |
|
|
|a SNBA1969/03-00421
|
| 035 |
|
|
|a SK01SNK19690049764
|
| 035 |
|
|
|a SKM000052227
|
| 040 |
|
|
|a SNK
|b slo
|c SNK
|e AACR2
|
| 041 |
1 |
|
|a slo
|
| 044 |
|
|
|a xo
|c SK
|
| 080 |
|
|
|a 669(075.8)(076.5)
|2 1981
|
| 100 |
1 |
|
|a Puškár, Anton,
|d 1939-
|4 aut
|9 215131
|
| 245 |
1 |
0 |
|a Návody na cvičenia z náuky o materiáli
|b ... pre poslucháčov stroj. a elektrotechn. odboru Fakulty stroj. a elektrotechn. VŠD
|c Anton Puškár
|
| 250 |
|
|
|a 2. vyd.
|
| 260 |
|
|
|a Bratislava
|b Alfa
|a Žilina
|b VŠD
|c 1969
|
| 300 |
|
|
|a 145, [1] s.
|b ilustr., sch., tab.
|c 4°
|
| 366 |
|
|
|e 400 výt.
|
| 490 |
1 |
|
|a Dočasné vysokoškolské učebnice
|
| 563 |
|
|
|a 400 výtl.
|
| 650 |
0 |
7 |
|a kovy
|2 SNKPH
|9 16608
|
| 650 |
0 |
7 |
|a náuka o materiáli
|2 SNKPH
|9 3657
|
| 655 |
|
7 |
|a učebnice vysokých škôl
|2 SNKPH
|9 70191
|
| 655 |
|
7 |
|a praktické cvičenia
|2 SNKPH
|9 70517
|
| 830 |
|
0 |
|a Dočasné vysokoškolské učebnice
|9 278602
|
| 958 |
|
|
|a OND
|
| 958 |
|
|
|a TL
|
| 958 |
|
|
|a UV
|
| 958 |
|
|
|a RK
|
| 999 |
|
|
|c 1189366
|d 1191296
|
| 952 |
|
|
|a SNK
|b SNK
|y VYP
|7 0
|o snkSB 14973 D1
|0 0
|1 0
|4 0
|d 2013-07-17
|l 0
|r 2026-02-24 22:07:10
|w 2026-02-24
|
| 952 |
|
|
|a SNK
|b SNK
|y PREZ
|7 0
|o snkSB 14973
|0 0
|1 0
|4 0
|d 2013-07-17
|l 0
|r 2026-02-24 22:07:10
|w 2026-02-24
|